| 000 | 00877nas a2200301 4500 | ||
|---|---|---|---|
| 001 | BR0808882 | ||
| 003 | BR-BrBNA | ||
| 005 | 20231205112514.0 | ||
| 007 | ta | ||
| 008 | 230509b bl.|||p| |||| 00| 00por d | ||
| 040 |
_aBR-BrBNA _bpor _cBiblioteca Nacional de Agricultura |
||
| 041 | _a(Pt) | ||
| 072 | _aQ03 | ||
| 100 | 1 | _aGramorski, A. | |
| 100 | 1 | _aVasconcellos, K.S. de | |
| 100 | 1 | _aSantos, C. dos | |
| 100 | 1 | _aRosa, P.A.F. da | |
| 245 | 1 | _aAvaliação da higiene de açougues do Médio Vale do Itajaí, SC | |
| 650 | _aCARNE | ||
| 650 | _aBOVINO | ||
| 650 | _aCOMERCIALIZAÇÃO | ||
| 650 | _aHIGIENE DE ALIMENTO | ||
| 650 | _aINSPEÇÃO SANITÁRIA | ||
| 650 | _aSANTA CATARINA | ||
| 773 | 0 |
_tHigiene Alimentar (Brazil) _xISSN 0101-9171 _g(May 2008), v. 22(161) p. 41-45 _wBR0808882 |
|
| 909 |
_a202311 _bLúcia _c55 _dLúcia Elande |
||
| 942 |
_2AGRIS _n0 _cANA |
||
| 999 |
_c198418 _d198418 |
||